Археоциаты Сибири; Вып. 1: Фауна и флора известняков района д. Камешки и ул. Бей-Булук Минусинско-Хакассского края и окаменелости известняков с р. Нижней Терси Кузнецкого округа

מידע ביבליוגרפי
מחבר ראשי: Вологдин А. Г. Александр Григорьевич
מחבר תאגידי: СССР Главное геологоразведочное управление (ГГРУ)
סיכום:Включена в состав коллекции М. А. Усова из фонда НТБ.
שפה:רוסית
אנגלית
יצא לאור: Москва, Госгеолиздат, 1931
נושאים:
פורמט: MixedMaterials ספר
KOHA link:https://koha.lib.tpu.ru/cgi-bin/koha/opac-detail.pl?biblionumber=239603

MARC

LEADER 00000nam0a2200000 4500
001 239603
005 20231101231703.0
010 |b 1000 экз. 
035 |a (RuTPU)RU\TPU\book\260828 
090 |a 239603 
100 |a 20130610d1931 k y0rusy50 ca 
101 0 |a rus  |a eng 
102 |a RU 
105 |a a z 001zy 
200 1 |a Археоциаты Сибири  |h Вып. 1: Фауна и флора известняков района д. Камешки и ул. Бей-Булук Минусинско-Хакассского края и окаменелости известняков с р. Нижней Терси Кузнецкого округа  |f А. Г. Вологдин  |g СССР, Главное геологоразведочное управление (ГГРУ) 
210 |a Москва  |a Ленинград  |c Госгеолиздат  |d 1931 
215 |a 119 с.  |c 24 табл. 
300 |a Включена в состав коллекции М. А. Усова из фонда НТБ. 
317 |5 63413507: КР-1235  |a Поступила в НТБ в 2004 г. в составе книжного собрания профессора ТПИ К. В. Радугина. 
320 |a Библиогр.: с. 103-104. 
606 1 |a Археоциаты  |2 stltpush  |3 (RuTPU)RU\TPU\subj\72116  |9 85702 
610 1 |a Сибирь 
610 1 |a известняки 
610 1 |a флора 
610 1 |a фауна 
610 1 |a окаменелости 
610 1 |a библиотека К. В. Радугина 
610 1 |a реконструкция библиотек 
610 1 |a библиотека М. А. Усова 
675 |a 563.66  |v 3 
700 1 |a Вологдин  |b А. Г.  |g Александр Григорьевич 
712 0 1 |a СССР  |b Главное геологоразведочное управление (ГГРУ)  |c (1928-1931)  |2 stltpush  |3 (RuTPU)RU\TPU\col\18482 
801 1 |a RU  |b 63413507  |c 20130610 
801 2 |a RU  |b 63413507  |c 20141002  |g RCR 
942 |c BK